000 00694nam a2200205Ia 4500
003 GCL
008 140319s9999 xx 000 0 ara d
020 _a1876209960
040 _aGCL /
_cGCL
082 0 4 _a320.9561
_bك ت
100 1 _aكرامر، هاينتس
245 1 0 _aتركيا المتغيرة :
_bتبحث عن ثوب جديد /
_cكرامر، هاينتس
250 _aالاولى
260 _aالرياض :
_bمكتبة العبيكان ،
_c2001
300 _a478 ص ؛
_c24 سم
650 0 4 _aالسياسة الخارجية
650 0 4 _aتركيا - تاريخ - العصر الحديث
650 0 4 _aتركيا - الاحوال السياسية
942 _2ddc
_cBK
999 _c5261
_d5261